000 00623nam a22002297a 4500
003 UA-OsUOA
001 97472
007 ta
008 20130402b un ||||| |||| 00| 0 ukr d
100 _aНенарокомова И.
090 _a75.03
_bН51
942 _cBK
040 _aUA-OsUOA
_brus
_cUA-OsUOA
_dUA-OsUOA
245 _aПочетный гражданин Москвы
_bстраницы жизни
300 _a221 с.
955 _a3
041 _arus
080 _a75.03
260 _aМ.
_bМолодая гвардия
_c1978
650 7 _a75.03 Історія живопису
_2UDC
999 _c383727
_d383727